000 00506nam a2200181 a 4500
001 23852
003 CO-ViMGA
008 141112s2004 ck r 000 u spa d
020 _a9789507716362
040 _aCO-ViMGA
_bspa
_cCO-ViMGA
082 0 4 _aVACa
100 1 _aVaccarini, Franco
_934558
245 1 0 _aEl apasionante mundo de los piratas /
_cFranco Vaccarini
260 _aArgentina :
_bcultural librera Américana
300 _a64p.
650 1 4 _aPIRATAS CUENTOS INFANTILES
_913458
942 _2ddc
_cBK
999 _c31930
_d31930